Statistics for Lyrics of: I Vow to Thee, my Country

Click here to take the quiz!

General Stats

  • This quiz has been taken 69 times
  • The average score is 90 of 127

Answer Stats

Answer% Correct
I
100%
count
98%
country,
98%
my
98%
The
98%
the
98%
thee
98%
to
98%
vow
98%
a
95%
And
88%
and
88%
all
85%
no
85%
above
83%
earthly
83%
That
83%
that
83%
things
83%
of
80%
love;
78%
love
78%
we
75%
We
75%
Her
73%
her,
73%
her
73%
not
73%
dear
70%
stands
70%
test
70%
upon
70%
armies,
68%
may
68%
another
65%
is
65%
King;
65%
question,
65%
see
65%
service
65%
whole
65%
ago
63%
altar
63%
asks
63%
best;
63%
Entire
63%
heard
63%
long
63%
perfect,
63%
dearest
60%
lays
60%
know;
58%
Most
55%
most
55%
never
55%
there's
55%
heart,
53%
I've
53%
them
53%
are
50%
faithful
50%
final
50%
fortress
50%
great
50%
suffering;
50%
paths
48%
pays
48%
peace
48%
price
48%
pride
48%
sacrifice
48%
silently
48%
by
45%
gentleness,
43%
soul
43%
ways
43%
makes
40%
undaunted
40%
increase
38%
shining
38%
bounds
33%
faltars,
18%

Score Distribution

Percentile by Number Answered

Percent of People with Each Score

Your Score History

You have not taken this quiz